000 00722nam a2200229Ia 4500
001 2271
005 20240113233534.0
007 ta
008 050223s1940 a g b000 u eng u
040 _aRef. stack
041 _aeng
082 _a930.1
_bHa 224 In
100 _aHargreaves, H .
245 0 _aIndex: To the annual reports of the Director General of Archaeology in India 1919 to 1929 and Part I - Annual reports 1902 to 1918 /
_cH. Hargreaves.
_hReports
250 _a1st ed /
260 _aDelhi :
_bManager of publications ,
_c1940.
300 _a240p. :
_bill ;
_c32cm .
653 _aReport - index - Director General of archaeology - India
942 _2ddc
_cBK
999 _c2264
_d2264